| 000 | 00500nam a2200169 a 4500 | ||
|---|---|---|---|
| 001 | 1843 | ||
| 005 | 20180713181851.0 | ||
| 008 | 140415s1978 mx 000 0 spa d | ||
| 020 | _a968230329X | ||
| 041 | _aspa | ||
| 082 |
_a330.12472 _bBAS |
||
| 245 | 0 | 0 | _aBASES PARA LA PLANEACION ECONOMICA Y SOCIAL DE MEXICO |
| 250 | _a9a ed. | ||
| 260 |
_aMEXICO : _bSIGLO VEINTIUNO EDITORES, _c1978 |
||
| 300 | _a269 | ||
| 650 | 1 | 4 |
_aMEXICO _xCONDICIONES ECONOMICAS _xMEXICO _xCONDICIONES SOCIALES |
| 999 |
_c1843 _d1843 |
||